Statistics for Sweden Country Quiz

Click here to take the quiz!

General Stats

  • This quiz has been taken 19,678 times
    (12,345 since last reset)
  • The average score is 13 of 21

Answer Stats

Clue Answer % Correct
Capital cityStockholm
99%
Huge furniture retailerIKEA
93%
International award for physics,
literature, medicine, etc...
{Nobel} Prize
92%
Sweden's all-time bestselling
musical act
ABBA
85%
CurrencyKrona
81%
Major car brandsVolvo
81%
Major city very close to DenmarkMalmö
77%
Region that includes Sweden,
Norway, and Denmark
Scandinavia
74%
Second-largest cityGothenburg
71%
Last name of actress Ingrid and
director Ingmar (no relation)
Bergman
62%
Type of fish that is commonly pickledHerring
61%
Blond tennis player
who won 5 straight Wimbledons
Björn Borg
59%
Swedish for "Sweden"Sverige
56%
Major car brandsSaab
55%
Most famous vodka brandAbsolut
50%
The Church of Sweden is part of
this Protestant branch
Lutheran
46%
Book series featuring Lisbeth SalanderMillennium
45%
Largest islandGotland
38%
Bridge that connects the above
to Copenhagen
Øresund Bridge
35%
Person celebrated December 13thSaint {Lucia}
34%
Gulf between Sweden and FinlandGulf of {Bothnia}
34%

Score Distribution

Percentile by Number Answered

Percent of People with Each Score

Your Score History

You have not taken this quiz since the last reset